Stations of Tobu Railway, Tokyo, Japan - Statistics

General Stats
  • This quiz has been taken 98 times
  • The average score is 100 of 216
Answer Stats
Line Station No. Station % Correct
Tobu Skytree Line (Isesaki Line) TS-01 Asakusa
93%
TS-09 Kita Senju
91%
TS-04 Hikifune
85%
TS-03 Oshiage
85%
TS-02 Tokyo Skytree
85%
TS-13 Nishi Arai
83%
Daishi Line TS-13 Nishiarai
83%
TD-10 | TS-27 Kasukabe
81%
Isesaki Line | Nikko Line TS-30 Tobu Dobutsu Koen
81%
Tojo Line TJ-01 Ikebukuro
80%
TS-44 Kameido
80%
TS-21 Koshigaya
80%
TS-16 Soka
80%
TI-25 Isesaki
78%
TI-02 Kuki
78%
TN-03 Minami Kurihashi
78%
TN-25 Tobu Nikko
78%
TS-22 Kita Koshigaya
76%
TI-18 Ota
76%
TS-20 Shin Koshigaya
76%
TN-04 Kurihashi
72%
TS-14 Takenotsuka
72%
TS-17 Dokkyodaigakumae
70%
TJ-21 Kawagoe
70%
TS-28 Kita Kasukabe
70%
Urban Park Line (Noda Line) TD-01 Omiya
70%
TN-12 Shin Tochigi
70%
TN-11 Tochigi
70%
TD-35 Funabashi
69%
TJ-11 Wakoshi
69%
TS-51 Daishimae
67%
TS-11 Gotanno
67%
TN-56 Kinugawa Onsen
67%
TS-24 Sengendai
67%
TN-23 Shimo Imaichi
67%
TN-40 Tobu Utsunomiya
67%
TS-05 Higashi Mukojima
65%
TS-26 Ichinowari
65%
TI-34 Sano
65%
TS-18 Shinden
65%
TS-08 Ushida
65%
TJ-12 Asaka
63%
TS-19 Gamo
63%
TI-07 Hanyu
63%
TS-29 Himemiya
63%
TS-07 Horikiri
63%
TN-24 Kami Imaichi
63%
TD-24 Kashiwa
63%
TJ-47 Ogose
63%
TS-06 Kanegafuchi
61%
TJ-22 Kawagoeshi
61%
TS-10 Kosuge
61%
TS-12 Umejima
61%
TS-15 Yatsuka
61%
TJ-13 Asakadai
59%
TD-06 Iwatsuki
59%
TI-10 Tatebayashi
59%
TI-57 Akagi
57%
TJ-10 Narimasu
57%
TN-02 Satte
57%
TJ-14 Shiki
57%
TS-25 Takesato
57%
TI-15 Ashikagashi
56%
TJ-33 Ogawamachi
56%
TN-58 Shin Fujiwara
56%
TN-10 Shin Ohirashita
56%
TN-01 Sugito Takanodai
56%
TN-57 Kinugawa Koen
54%
TJ-02 Kita Ikebukuro
54%
TD-02 Kita Omiya
54%
TD-17 Nodashi
54%
TD-03 Omiya Koen
54%
TD-30 Shin Kamagaya
54%
TN-18 Shin Kanuma
54%
TJ-38 Yorii
54%
TS-23 Obukuro
52%
TN-35 Omocha-no-machi
52%
TN-05 Shin Koga
52%
TJ-30 Shinrinkoen
52%
TN-55 Tobu World Square
52%
TI-05 Kazo
50%
TI-06 Minami Hanyu
50%
TI-03 Washinomiya
50%
TN-07 Itakura Toyodai Mae
48%
TJ-04 Oyama
48%
TJ-03 Shimo Itabashi
48%
TS-42 Higashi Azuma
46%
TD-22 Nagareyama Otakanomori
46%
TJ-26 Sakado
46%
TJ-09 Shimo Akatsuka
46%
TI-01 Wado
46%
TN-08 Fujioka
44%
TS-43 Kameido Suijin
44%
TJ-07 Kami Itabashi
44%
TD-13 Kawama
44%
TN-19 Kita Kanuma
44%
TI-39 Kuzu
44%
TI-46 Nishi Koizumi
44%
TI-33 Sanoshi
44%
TI-24 Shin Isesaki
44%
TJ-08 Tobu Nerima
44%
TD-19 Unga
44%
TJ-18 Fujimino
43%
TI-09 Morinji Mae
43%
TD-14 Nanakodai
43%
TD-04 Owada
43%
TI-12 Agata
41%
TD-07 Higashi Iwatsuki
41%
TI-44 Higashi Koizumi
41%
TJ-29 Higashi Matsuyama
41%
TJ-32 Musashi Ranzan
41%
TN-16 Niregi
41%
TD-34 Shin Funabashi
41%
TN-51 Daiya Muko
39%
TI-04 Hanasaki
39%
TD-31 Kamagaya
39%
TJ-19 Kami Fukuoka
39%
TI-08 Kawamata
39%
TN-17 Momiyama
39%
TJ-05 Naka Itabashi
39%
TD-15 Shimizu Koen
39%
TD-23 Toyoshiki
39%
TN-06 Yagyu
39%
TN-14 Ienaka
37%
TD-05 Nanasato
37%
TJ-20 Shingashi
37%
TD-25 Shin Kashiwa
37%
TN-53 Shin Takatoku
37%
TN-09 Shizuwa
37%
TN-15 Tobu Kanasaki
37%
TN-20 Itaga
35%
TN-13 Kassemba
35%
TN-33 Mibu
35%
TD-12 Minami Sakurai
35%
TJ-28 Takasaka
35%
TJ-06 Tokiwadai
35%
TD-08 Toyoharu
35%
TJ-24 Tsurugashima
35%
TI-16 Yashu Yamabe
35%
TJ-16 Mizuhodai
33%
TJ-35 Obusuma
33%
TI-55 Shin Kiryu
33%
TI-11 Tatara
33%
TI-14 Tobu Izumi
33%
TJ-31 Tsukinowa
33%
TJ-17 Tsuruse
33%
TD-16 Atago
31%
TI-19 Hosoya
31%
TJ-27 Kita Sakado
31%
TN-39 Minami Utsunomiya
31%
TN-22 Myojin
31%
TI-17 Niragawa
31%
TI-22 Sakaimachi
31%
TD-28 Takayanagi
31%
TD-09 Yagisaki
31%
TJ-15 Yanasegawa
31%
TD-20 Edogawadai
30%
TI-23 Goshi
30%
TJ-23 Kasumigaseki
30%
TN-52 Okuwa
30%
TS-41 Omurai
30%
TI-21 Serada
30%
TN-21 Shimo Goshiro
30%
TJ-25 Wakaba
30%
TI-20 Kizaki
28%
TN-54 Kosagoe
28%
TD-29 Mutsumi
28%
TJ-37 Tamayodo
28%
TD-18 Umesato
28%
TI-31 Watarase
28%
TI-56 Aioi
26%
TI-13 Fukui
26%
TD-21 Hatsuishi
26%
TI-45 Koizumimachi
26%
TJ-34 Tobu Takezawa
26%
TD-33 Tsukada
26%
TD-27 Sakasai
24%
TN-31 Yashu HIrakawa
24%
TN-37 Nishi Kawada
22%
TI-47 Ryumai
22%
TI-32 Tajima
22%
TI-37 Tanuma
22%
TI-54 Azami
20%
TN-38 Esojima
20%
TD-26 Masuo
20%
TI-53 Yabuzuka
20%
TI-52 Jiroembashi
19%
TN-34 Kuniya
19%
TI-51 Sammaibashi
19%
TI-42 Hon Nakano
17%
TI-35 Horigome
17%
TD-32 Magomezawa
17%
TI-38 Tada
17%
TN-32 Yashu Otsuka
17%
TJ-36 Hachigata
15%
TJ-45 Higashi Moro
13%
TI-41 Narushima
13%
TJ-41 Ippommatsu
11%
TI-36 Yoshimizu
11%
TI-43 Shinozuka
9%
TN-36 Yasuzuka
9%
TD-11 Fuijno Ushijima
7%
TJ-43 Kawakado
7%
TJ-46 Bushu Karasawa
6%
TJ-44 Bushu Nagase
4%
TJ-42 Nishi Oya
2%
No matching quizzes found
Score Distribution
Percent of People with Each Score
Percentile by Number Answered
Your Score History
You have not taken this quiz